000 01727nam a2200265Ia 4500
003 Ost
005 20260507075259.0
008 260507s9999||||xx |||||||||||||| ||und||
020 _a84116599619
040 _cfsecg
041 _aara
082 _a330
100 _aبن اعمارة، منصور
_eمؤلف
245 0 _aالضرائب على الدخل الاجمالي I.R.G :
_bحسب تعديلات قانون المالية 2010 لطلبة المعاهد العليا و الجامعات و كل المختصين الاقتصاديين /
_c منصور بن اعمارة
250 _aطبعة 2
260 _aالجزائر:
_bدار هومه,
_c2011
300 _a168 صفحة؛
_bإيضاحات ؛
_c23 سم
520 _a1)التذكير بالتطور التاريخي للضرائب في الجزائر : تعريف الضرائب المباشرة و الضرائب غير المباشرة 2)الضريبة على الدخل الاجمالي بصفة عامة و الفئات الست التي تتكون منها الضريبة على الدخل و هم كالتالي : الارباح الصناعية أو التجارية و الحرفية ، أرباح المهن غير التجارية ، مداخيل الاستغلالات الزراعية ، المرتبات و الأجور و المنح و الربوع العمرية ، المدتخيل الناتجة عن تأجير الأملاك المبنية و غير المبنية و مداخيل ربوع رؤوس الاموال المنقولة.
653 _aالجامعات
653 _aالدخل
653 _aالضرائب
653 _aضريبة الدخل
653 _aقانون المالية- الجزائر
942 _cكتاب
999 _c43783
_d43783